Histoire de la sculpture grecque / (Record no. 45813)

MARC details
000 -LEADER
campo de control de longitud fija 01134nam a2200241 i 4500
001 - NÚMERO DE CONTROL
campo de control 45813
003 - IDENTIFICADOR DE NÚMERO DE CONTROL
campo de control ES-MaACL
005 - FECHA Y HORA DE LA ÚLTIMA TRANSACCIÓN
campo de control 20250816050159.0
007 - CAMPO FIJO DE DESCRIPCIÓN FÍSICA--INFORMACIÓN GENERAL
campo de control de longitud fija t|
008 - DATOS DE LONGITUD FIJA--INFORMACIÓN GENERAL
campo de control de longitud fija 030327m18921897fr ||||1| fre d
080 ## - NÚMERO DE LA CLASIFICACIÓN DECIMAL UNIVERSAL
Número de la Clasificación Decimal Universal 73.032(38)
100 1# - ENTRADA PRINCIPAL--NOMBRE DE PERSONA
Nombre de persona Collignon, Maxime.
9 (RLIN) 39712
245 10 - MENCIÓN DEL TÍTULO
Título Histoire de la sculpture grecque /
Mención de responsabilidad, etc. par Maxime Collignon.
260 ## - PUBLICACIÓN, DISTRIBUCIÓN, ETC.
Lugar de publicación, distribución, etc. Paris :
Nombre del editor, distribuidor, etc. Firmin Didot et Cie.,
Fecha de publicación, distribución, etc. 1892-1897.
300 ## - DESCRIPCIÓN FÍSICA
Extensión 2 v. (569 p., [11] h. de lám. ; 715 p., [12] h. de lám.) :
Otras características físicas il. ;
Dimensiones 29 cm.
505 8# - NOTA DE CONTENIDO CON FORMATO
Nota de contenido con formato Contiene: I. Les origenes . Les primitifs . L'archaïsme avancé . L'époque des grands maîtres du cinquième siècle -- II. L'influence des grand maîtres du cinquième siècle . Le quatrième siècle . L'époque hellénistique . L'art grec après la conquête romaine
530 ## - NOTA DISPONIBLE DE FORMULARIO FÍSICO ADICIONAL
Nota de formato físico adicional disponible Disponible en formato digital.
650 #7 - PUNTO DE ACCESO ADICIONAL DE MATERIA--TÉRMINO DE MATERIA
Término de materia o nombre geográfico como elemento de entrada Escultura griega
Fuente del encabezamiento o término embne
9 (RLIN) 12443
852 4# - LOCALIZACIÓN
Ubicación ES-MaACL
Número de control de estantería B-11467-68
856 4# - LOCALIZACIÓN Y ACCESO ELECTRÓNICOS
Identificador Uniforme de Recursos <a href="https://archive.org/details/histoiredelascul01colluoft ">https://archive.org/details/histoiredelascul01colluoft </a>
Nota pública Internet Archive
-- (V. 1)
856 4# - LOCALIZACIÓN Y ACCESO ELECTRÓNICOS
Identificador Uniforme de Recursos <a href="https://archive.org/details/histoiredelascul02colluoft ">https://archive.org/details/histoiredelascul02colluoft </a>
Nota pública Internet Archive
-- (V. 2)
Holdings
Estatus retirado Estado de pérdida Estado de daño No para préstamo Colección Biblioteca de origen Biblioteca actual Ubicación en estantería Fecha de adquisición Fuente de adquisición Total de préstamos Signatura topográfica completa Código de barras Visto por última vez Precio de reemplazo Tipo de ítem Koha
        Colección digital Biblioteca del Ateneo de Madrid Biblioteca del Ateneo de Madrid Sala Pardo Bazán 17/01/2008     B-11467-68 1048197 23/02/2023 23/02/2023 Libro impreso antiguo